Solární tepelné soustavy /

Hlavní autor: Matuška, Tomáš, 1974-
Korporativní autor: Společnost pro techniku prostředí. Odborná sekce Alternativní zdroje energie
Jazyk: Čeština
Vydáno: Praha : Společnost pro techniku prostředí, 2009
Edice: Sešit projektanta - pracovní podklady
Témata:
Externí odkaz: Digitalizovaný dokument
Fyzický popis: 194 s. : il. ; 30 cm
Knihy
Uloženo v:
LEADER 01775nam a2200433 a 4500
001 nkc20091996697
003 CZ PrNK
005 20100209083051.0
007 ta
008 090929s2009 xr a e f 000 0 cze
015 |a cnb001996697 
020 |a 978-80-02-02186-5  |q (Český svaz vědeckotechnických společností ;  |q brož.) 
035 |a (OCoLC)505914204 
040 |a OLA001  |b cze  |d ABA001 
072 7 |a 697  |x Vytápění, větrání, klimatizace  |2 Konspekt  |9 19 
080 |a 62:551.521.1  |2 MRF 
080 |a 697.1/.7  |2 MRF 
080 |a (035)  |2 MRF 
100 1 |a Matuška, Tomáš,  |d 1974-  |7 ntka173367  |4 aut 
245 1 0 |a Solární tepelné soustavy /  |c Tomáš Matuška 
260 |a Praha :  |b Společnost pro techniku prostředí,  |c 2009 
300 |a 194 s. :  |b il. ;  |c 30 cm 
490 1 |a Sešit projektanta - pracovní podklady ;  |v 1 
500 |a Nad názvem: Společnost pro techniku prostředí, odborná sekce alternativní zdroje energie 
504 |a Obsahuje bibliografii 
650 0 7 |a solární technika  |7 ph456974  |2 czenas 
650 0 7 |a tepelná technika  |7 ph126578  |2 czenas 
650 0 9 |a solar technology  |2 eczenas 
650 0 9 |a heat technology  |2 eczenas 
655 7 |a příručky  |7 fd133209  |2 czenas 
655 9 |a handbooks and manuals  |2 eczenas 
710 2 |a Společnost pro techniku prostředí.  |b Odborná sekce Alternativní zdroje energie  |7 kn20030204035 
830 0 |a Sešit projektanta - pracovní podklady  |0 s 
856 4 1 |u http://www.digitalniknihovna.cz/mzk/uuid/uuid:7debdd10-e4c4-11e4-a475-005056827e51  |y Digitalizovaný dokument  |x NDK 
910 2 |a BOA001  |b 4-1235.645 
990 |a BK 
995 |a 01 
991 |b 201002  |c NOV  |j 696/697 
996 6 |b 2610406192  |c 4-1235.645  |l MZK  |r Sklad / do 1 hodiny  |n 3  |p p.v.  |w 001105212  |u 000010  |a 1  |e BOA001  |j MZK50  |s P